| 000 | 00632nam a2200193 i 4500 | ||
|---|---|---|---|
| 001 | 43011 | ||
| 003 | ES-MaACL | ||
| 005 | 20230906160722.0 | ||
| 007 | t| | ||
| 008 | 030314s1968 sp ||||1| spa d | ||
| 080 | _a86 Ortega y Gasset, José 1.06:30 | ||
| 100 | 1 |
_aCepeda Calzada, Pablo. _937431 |
|
| 245 | 1 | 3 |
_aLa doctrina de la sociedad en Ortega y Gasset / _cPablo Cepeda Calzada. |
| 260 |
_aValladolid : _b[s.n.], _c1968] ( _fGráf. Andrés Martín) |
||
| 300 |
_a96 p. ; _c21 cm. |
||
| 600 | 1 | 4 |
_aOrtega y Gasset, José, _d1883-1955- _xPensamiento social _9174354 |
| 852 | 4 |
_aES-MaACL _jC-48843 |
|
| 999 |
_c43011 _d43011 |
||